[Event "BRA-ch U26"]
[Site "Brasilia"]
[Date "2024.10.16"]
[Round "4"]
[White "Mileski, Lucas de Souza"]
[Black "Netto, Rafle Raphael"]
[Result "0-1"]
[WhiteElo "1861"]
[BlackElo "1924"]
[PlyCount "96"]
[EventDate "2024.10.14"]
[EventType "swiss"]
[EventRounds "6"]
[EventCountry "BRA"]
[SourceTitle "CB43_2024"]
[Source "Chessbase"]
[SourceDate "2024.10.23"]
[SourceVersion "1"]
[SourceVersionDate "2024.10.23"]
[SourceQuality "1"]

1. d4 Nf6 2. c4 e6 3. Nf3 b6 4. g3 Ba6 5. Qa4 Be7 6. Bg2 Bb7 7. 0-0 0-0 8. Nc3 c5 9. Rd1 cxd4 10. Nxd4 Bxg2 11. Kxg2 Qc7 12. f3 Rc8 13. b3 d5 14. Ncb5 Qb7 15. Ba3 a6 16. Nd6 Bxd6 17. Bxd6 dxc4 18. bxc4 Nbd7 19. Rab1 Ne8 20. Nb3 Qc6 21. Qxc6 Rxc6 22. Ba3 Nef6 23. c5 bxc5 24. Na5 Rc7 25. e4 Kf8 26. Rb7 Rac8 27. Rc1 Ke8 28. Rb3 c4 29. Rb2 c3 30. Rbc2 Nb6 31. Bd6 Rd8 32. Be5 Na4 33. Nb3 Rd3 34. Kf2 Nd7 35. Bd4 Rc4 36. Bxg7 f6 37. Ke2 Nb2 38. Rb1 Rd6 39. Bxf6 Nxf6 40. e5 Rd5 41. exf6 Re5+ 42. Kf1 Re3 43. Kf2 Re5 44. Kf1 Rd5 45. Re1 Kf7 46. Nc1 Rd2 47. Re2 Rd1+ 48. Kf2 Rxc1 0-1

[Event "Marmelopolis op"]
[Site "Marmelopolis"]
[Date "2024.09.08"]
[Round "6"]
[White "Netto, Rafle Raphael"]
[Black "Campelo, Leandro Fabricio"]
[Result "0-1"]
[WhiteElo "1869"]
[BlackElo "2089"]
[PlyCount "82"]
[EventDate "2024.09.06"]
[EventType "swiss"]
[EventRounds "6"]
[EventCountry "BRA"]
[SourceTitle "EXT 2025"]
[Source "ChessBase"]
[SourceDate "2024.10.14"]
[SourceVersion "1"]
[SourceVersionDate "2024.10.14"]
[SourceQuality "1"]

1. e4 c5 2. Nf3 e6 3. b3 a6 4. Bb2 Nc6 5. d4 cxd4 6. Nxd4 Qf6 7. c3 Bc5 8. Nf3 Nge7 9. b4 Bxb4 10. Qb3 Bc5 11. Be2 Qg6 12. Qc4 Qxg2 13. Qxc5 Qxh1+ 14. Kd2 Qg2 15. Na3 d5 16. Rg1 Qh3 17. e5 Bd7 18. Kd1 Qf5 19. c4 0-0 20. Qe3 Qe4 21. Qh6 Ng6 22. Qg5 h6 23. Qg3 Nb4 24. Nd2 Ba4+ 25. Ke1 Nc2+ 26. Kf1 Qf4 27. Qc3 Nxa3 28. Rg4 Qf5 29. cxd5 Nb1 30. Nxb1 Qxb1+ 31. Kg2 Qc2 32. Qxc2 Bxc2 33. d6 Bf5 34. Rf4 a5 35. Ra4 f6 36. exf6 gxf6 37. Bb5 e5 38. Ba3 Rfd8 39. Kf3 Rac8 40. Bc4+ Kg7 41. Ke3 Bd7 0-1

[Event "Marmelopolis op"]
[Site "Marmelopolis"]
[Date "2024.09.08"]
[Round "5"]
[White "Netto, Rafle Raphael"]
[Black "De Melo, Andre Nascimento"]
[Result "1-0"]
[WhiteElo "1869"]
[BlackElo "1796"]
[PlyCount "61"]
[EventDate "2024.09.06"]
[EventType "swiss"]
[EventRounds "6"]
[EventCountry "BRA"]
[SourceTitle "EXT 2025"]
[Source "ChessBase"]
[SourceDate "2024.10.14"]
[SourceVersion "1"]
[SourceVersionDate "2024.10.14"]
[SourceQuality "1"]

1. e4 e5 2. Bc4 Nf6 3. d3 d5 4. exd5 Nxd5 5. Nf3 Nc6 6. Qe2 Bc5 7. c3 0-0 8. 0-0 Nb6 9. Bb3 Bg4 10. Nbd2 Kh8 11. h3 Bh5 12. Ne4 Be7 13. Ng3 Bg6 14. Nxe5 Nxe5 15. Qxe5 Bd6 16. Qe3 f5 17. f4 Qh4 18. Qf3 Be8 19. d4 Bc6 20. Qf2 Nd5 21. c4 Nb4 22. Ne4 Qxf2+ 23. Nxf2 a5 24. a3 a4 25. Bd1 Na6 26. Nd3 b5 27. c5 Be7 28. Ne5 Be4 29. Bf3 Rad8 30. Bxe4 Rxd4 31. Bc6 1-0

[Event "Marmelopolis op"]
[Site "Marmelopolis"]
[Date "2024.09.06"]
[Round "2"]
[White "Guimaraes, Artemis Pamela"]
[Black "Netto, Rafle Raphael"]
[Result "0-1"]
[WhiteElo "2002"]
[BlackElo "1869"]
[PlyCount "41"]
[EventDate "2024.09.06"]
[EventType "swiss"]
[EventRounds "6"]
[EventCountry "BRA"]
[SourceTitle "EXT 2025"]
[Source "ChessBase"]
[SourceDate "2024.10.14"]
[SourceVersion "1"]
[SourceVersionDate "2024.10.14"]
[SourceQuality "1"]

1. e4 c5 2. Nf3 d6 3. d4 cxd4 4. Nxd4 Nf6 5. Bd3 Nc6 6. Nxc6 bxc6 7. 0-0 e5 8. c4 Be7 9. Nc3 0-0 10. Re1 Be6 11. Bf1 h6 12. f3 Qa5 13. a3 Bxc4 14. b4 Qa6 15. Be3 Bxf1 16. Rxf1 Rfd8 17. Qb3 d5 18. b5 Qb7 19. exd5 Nxd5 20. Bd2 Rac8 21. a4 0-1

[Event "BRA-ch U26"]
[Site "Joinville"]
[Date "2023.10.12"]
[Round "5"]
[White "Ferraz, Michel Liah"]
[Black "Netto, Rafle Raphael"]
[Result "0-1"]
[WhiteElo "1961"]
[BlackElo "1782"]
[PlyCount "51"]
[EventDate "2023.10.09"]
[EventType "swiss"]
[EventRounds "6"]
[EventCountry "BRA"]
[SourceTitle "CBM 216 Extra"]
[Source "ChessBase"]
[SourceDate "2023.11.30"]
[SourceVersion "1"]
[SourceVersionDate "2023.11.30"]
[SourceQuality "1"]

1. d4 Nf6 2. c4 e6 3. Nf3 b6 4. Nc3 Bb4 5. Qc2 Bb7 6. g3 Ba6 7. e4 Bxc3+ 8. bxc3 Bb7 9. Bd3 0-0 10. 0-0 d6 11. Qe2 Nbd7 12. Bb2 Re8 13. Rae1 e5 14. Nd2 Nf8 15. f4 exf4 16. gxf4 Nxe4 17. Nxe4 f5 18. d5 fxe4 19. Bxe4 Qh4 20. c5 dxc5 21. c4 Nd7 22. Qc2 Nf6 23. Bg2 Rad8 24. a3 Ba6 25. Qc3 Rxe1 26. Rxe1 0-1

[Event "BRA-ch U26"]
[Site "Joinville"]
[Date "2023.10.09"]
[Round "1"]
[White "Netto, Rafle Raphael"]
[Black "Pinto, Pedro Henrique Ramo"]
[Result "1-0"]
[WhiteElo "1782"]
[BlackElo "1800"]
[PlyCount "43"]
[EventDate "2023.10.09"]
[EventType "swiss"]
[EventRounds "6"]
[EventCountry "BRA"]
[SourceTitle "CBM 216 Extra"]
[Source "ChessBase"]
[SourceDate "2023.11.30"]
[SourceVersion "1"]
[SourceVersionDate "2023.11.30"]
[SourceQuality "1"]

1. e4 c5 2. Nf3 Nc6 3. Bb5 e6 4. Bxc6 bxc6 5. d3 Rb8 6. 0-0 d6 7. Re1 Qc7 8. Nc3 Nf6 9. e5 Nd7 10. exd6 Bxd6 11. Ne4 Bf4 12. h4 Bxc1 13. Qxc1 h6 14. Qd2 Rxb2 15. Qc3 Qb6 16. Qxg7 Rf8 17. Nd6+ Ke7 18. Rxe6+ Kxe6 19. Re1+ Kxd6 20. Qg3+ Ne5 21. Qxe5+ Kd7 22. Qe7# 1-0

[Event "Varginha Mineiro-ch"]
[Site "Varginha"]
[Date "2019.11.14"]
[Round "1"]
[White "Netto, Rafle Raphael"]
[Black "Santos, Raul De Assis"]
[Result "1-0"]
[WhiteElo "1900"]
[BlackElo "1232"]
[PlyCount "113"]
[EventDate "2019.11.14"]
[EventType "swiss"]
[EventRounds "7"]
[EventCountry "BRA"]
[SourceTitle "CBM 193 Extra"]
[Source "ChessBase"]
[SourceDate "2020.01.31"]
[SourceVersion "1"]
[SourceVersionDate "2020.01.31"]
[SourceQuality "1"]

1. d4 d5 2. c4 dxc4 3. Nc3 Nf6 4. e3 a6 5. Bxc4 e6 6. Nf3 Be7 7. 0-0 0-0 8. a3 b5 9. Be2 Bb7 10. Qc2 Nbd7 11. b4 Nb6 12. Ne5 Bd6 13. Nd3 Qe7 14. Nc5 Bxc5 15. dxc5 Nbd5 16. Nxd5 Bxd5 17. Bb2 c6 18. Be5 Ng4 19. Bd6 Qg5 20. e4 Ne3 21. fxe3 Qxe3+ 22. Rf2 Bxe4 23. Qc1 Qxc1+ 24. Rxc1 Rfd8 25. Rcf1 Rd7 26. h4 a5 27. Bf3 Bxf3 28. Rxf3 f6 29. h5 h6 30. Rg3 Kh7 31. Re1 e5 32. Re4 a4 33. Rg6 Re8 34. Kf2 Rf7 35. Kf3 Rd7 36. Kg4 Rf7 37. Kf5 Rd8 38. Ke6 Rdd7 39. Kf5 Rd8 40. Rg3 Rdd7 41. Rf3 Rd8 42. Re1 Rdd7 43. Ke4 Rd8 44. Kf5 Rdd7 45. Kg4 Rd8 46. Rxe5 Rdd7 47. Re8 f5+ 48. Rxf5 Rxf5 49. Kxf5 Rf7+ 50. Ke4 Rf1 51. Be5 Re1+ 52. Kf5 Re2 53. g3 Rf2+ 54. Ke6 Rf6+ 55. Bxf6 gxf6 56. Re7+ Kg8 57. Kxf6 1-0